| 000 | 01076nas a2200361 4500 | ||
|---|---|---|---|
| 001 | BR2016003798 | ||
| 003 | BR-BrBNA | ||
| 005 | 20231205130556.0 | ||
| 007 | ta | ||
| 008 | 230509b bl.|||p| |||| 00| 00por d | ||
| 040 |
_aBR-BrBNA _bpor _cBiblioteca Nacional de Agricultura |
||
| 041 | _a(Pt) | ||
| 072 | _aF04 ; H50 | ||
| 100 | 1 | _aBerilli, S. da S. | |
| 100 | 1 | _aBerilli, A.P.C.G. | |
| 100 | 1 | _aCarvalho, A.J.C. de | |
| 100 | 1 | _aFreitas, S. de J. | |
| 100 | 1 | _aCunha, M. da | |
| 100 | 1 | _aFontes, P.S.F. | |
| 245 | 1 | _aNíveis de cromo em mudas de café Conilon desenvolvidas em substrato com lodo de curtume como adubação alternativa | |
| 650 | _aCAFÉ | ||
| 650 | _aMUDA | ||
| 650 | _aSUBSTRATO DE CULTURA | ||
| 650 | _aCROMO | ||
| 650 | _aLODO RESIDUAL | ||
| 650 | _aCURTUME | ||
| 650 | _aADUBAÇÃO | ||
| 650 | _aPROPAGAÇÃO VEGETATIVA | ||
| 650 | _aCRESCIMENTO | ||
| 773 | 0 |
_tCoffee Science (Brazil) _xISSN 1809-6875 _g(Jul-Sep 2015), v. 10(3) p. 320-328 _wBR2016003798 |
|
| 909 |
_a202311 _bLúcia _c55 _dLúcia Elande |
||
| 942 |
_2AGRIS _n0 _cANA |
||
| 999 |
_c250183 _d250183 |
||